ارتکا ز / (Record no. 149060)

MARC details
000 -LEADER
fixed length control field 00665nam a22001937a 4500
005 - DATE AND TIME OF LATEST TRANSACTION
control field 20230712125500.0
010 ## - LCCN (DPL NO)
LC control number UR-10014
020 ## - INTERNATIONAL STANDARD BOOK NUMBER
International Standard Book Number 9788186346488
Terms of availability 400.00
035 ## - SYSTEM CONTROL NUMBER
System control number U-8569
037 ## - SOURCE OF ACQUISITION
Source of stock number/acquisition DBAD/PUB
082 ## - DEWEY DECIMAL CLASSIFICATION NUMBER
Classification number 844
100 ## - MAIN ENTRY--PERSONAL NAME
Personal name ف س ا عجا ز
245 ## - TITLE STATEMENT
Title ارتکا ز /
Statement of responsibility, etc ف س ا عجا ز
246 ## - VARYING FORM OF TITLE
Remainder of title Irtikaz /
Title proper/short title by Fay Seen Ejaz
260 ## - PUBLICATION, DISTRIBUTION, ETC. (IMPRINT)
Place of publication, distribution, etc Kolkata,
Name of publisher, distributor, etc Educational Publishing House
Date of publication, distribution, etc 2016
270 ## - ADDRESS
Address 25-B,Zakaria Street,
City Kolkata,
Postal code 700073
Telephone number 913322354616
Fax number -
300 ## - PHYSICAL DESCRIPTION
Extent 264 ص
Dimensions 22cm(Hb)
942 ## - ADDED ENTRY ELEMENTS (KOHA)
Source of classification or shelving scheme Dewey Decimal Classification
Item type Urdu Bks
Classification part 844
Call number suffix ف س ا
Holdings
Withdrawn status Lost status Not for loan Collection code Home library Current library Date acquired Source of acquisition Cost, normal purchase price Full call number Barcode Copy number Cost, replacement price Koha item type
      Non-fiction Ashok Vihar Ashok Vihar 10/01/2018 DBAD/PUB. 400.00 844 ف س ا U-8569 1 400.00 Urdu Bks

© Delhi Public Library
Hit Counter
free hit counter